<?xml version="1.0" encoding="UTF-8" ?>
<collection xmlns="http://www.loc.gov/MARC21/slim"><record><leader>00807nam a2200205 c 4500</leader><controlfield tag="001">167932</controlfield><controlfield tag="003">Zü176</controlfield><controlfield tag="005">20170718144918.0</controlfield><datafield tag="035" ind1=" " ind2=" "><subfield code="a">(OCoLC)938798562</subfield></datafield><datafield tag="041" ind1=" " ind2=" "><subfield code="a">fre</subfield></datafield><datafield tag="100" ind1="1" ind2="0"><subfield code="a">Hodler, Berthe</subfield></datafield><datafield tag="245" ind1="0" ind2="0"><subfield code="a">Brief, Genève, le 23.5.17</subfield><subfield code="b">Monsieur ...</subfield><subfield code="c">Veuillez agréer, Monsieur, mes salutations distinguées. B. Hodler.</subfield><subfield code="h">Manuskript</subfield></datafield><datafield tag="260" ind1=" " ind2=" "><subfield code="a">Genf</subfield><subfield code="c">1917</subfield></datafield><datafield tag="300" ind1=" " ind2=" "><subfield code="a">1 Blatt</subfield><subfield code="c">20,3 x 25,5 cm</subfield></datafield><datafield tag="500" ind1=" " ind2=" "><subfield code="a">Berthe Hodler ist die zweite Ehefrau von Ferdinand Hodler</subfield></datafield><datafield tag="600" ind1="1" ind2="7"><subfield code="a">Hodler, Ferdinand</subfield><subfield code="d">1853-1918</subfield><subfield code="x">Brief</subfield><subfield code="x">Handschrift</subfield><subfield code="2">gnd</subfield></datafield><datafield tag="610" ind1="2" ind2="7"><subfield code="a">Kunsthaus Zürich</subfield><subfield code="x">Ausstellung</subfield><subfield code="x">Geschäftsbrief</subfield><subfield code="2">gnd</subfield></datafield><datafield tag="710" ind1="2" ind2="0"><subfield code="a">Kunsthaus Zürich</subfield><subfield code="e">Adressat</subfield></datafield><datafield tag="852" ind1="4" ind2="0"><subfield code="a">CH-000273-5</subfield><subfield code="c">10.30.30.163.hodler.19170523</subfield></datafield><datafield tag="856" ind1="4" ind2="1"><subfield code="u">https://digital.kunsthaus.ch:443/viewer/image/167932/4/</subfield><subfield code="y">Kunsthaus Zürich Sammlungen online</subfield></datafield></record></collection>